| 000 | 01455cam a2200349 a 4500 | ||
|---|---|---|---|
| 999 |
_c3232 _d3232 |
||
| 001 | 2155883 | ||
| 003 | GZU | ||
| 005 | 20201123114126.0 | ||
| 008 | 990211s1995 ne ab b i000 0 eng | ||
| 010 | _a 98982499 | ||
| 020 | _a9072458451 | ||
| 020 | _a0797415319 (Southern African Research and Documentation Centre) | ||
| 040 |
_aDLC _cDLC |
||
| 042 | _alcode | ||
| 043 | _afs----- | ||
| 050 | 0 | 0 |
_aHQ792.S6 _bTRA 1995 |
| 245 | 0 | 0 |
_aTranscending the legacy : _bchildren in the new southern Africa / _c[editors, J. Balch ... et al.]. |
| 246 | 3 | 0 | _aLegacy |
| 246 | 3 | 0 | _aChildren in the new southern Africa |
| 260 |
_aAmsterdam, the Netherlands : _bAfrican-European Institute ; _aHarare, Zimbabwe : _bSouthern African Research & Documentation Centre ; _aNairobi, Kenya : _bUNICEF, Eastern and Southern Africa Regional Office, _cc1995. |
||
| 300 |
_axi, 242 p. : _bill., map ; _c25 cm. |
||
| 504 | _aIncludes bibliographical references (p. 232-242). | ||
| 650 | 0 |
_aChildren _zAfrica, Southern _xSocial conditions. |
|
| 650 | 0 |
_aChildren _zAfrica, Southern. |
|
| 700 | 1 | _aBalch, Jeffrey. | |
| 710 | 2 | _aAfrican-European Institute. | |
| 710 | 2 | _aSouthern African Research and Documentation Centre. | |
| 710 | 2 |
_aUNICEF. _bEastern and Southern Africa Regional Office. |
|
| 906 |
_a7 _bcbc _corigode _d3 _encip _f19 _gy-gencatlg |
||
| 942 |
_2lcc _cBK _h792.S6 _iTRA _kHQ |
||